| 000 | 02361nam0a2200409 4500 | ||
|---|---|---|---|
| 001 | RU\NLR\bibl\1040162 | ||
| 005 | 20260405160834.0 | ||
| 010 |
_a5-16-002337-2 _93000 |
||
| 035 | _a(nilc)RSL-KNO-002876252 | ||
| 035 | _a(NLR Aleph) 001027562 | ||
| 090 |
_a737933 _c737933 |
||
| 100 | _a20060523d2005 |||y0rusy50 ca | ||
| 101 | 0 | _arus | |
| 102 | _aRU | ||
| 105 | _aa z ||||| | ||
| 106 | _ar | ||
| 200 | 1 |
_aУправление проектами _eучебное пособие _eучебник для слушателей образовательных учреждений, обучающихся по программе MBA и другим программам подготовки управленческих кадров _fЮ. И. Попов, О. В. Яковенко _gИн-т экономики и финансов "Синергия" |
|
| 210 |
_aМосква _cИНФРА-М _d2005 |
||
| 215 |
_a207, [1] с. _cил. _d21 |
||
| 225 | 1 | _aСерия учебников для программы MBA (Master of Business Administration) | |
| 300 | _aНа обороте тит. л. в макете загл. сер.: Учебники для программы MBA | ||
| 320 | _aБиблиогр.: с. 197 (15 назв.) | ||
| 606 | 1 |
_aПроекты _jУчебные издания для высших учебных заведений _xУправление _91734110 _3RU\NLR\auth\661071500 |
|
| 606 | 1 |
_aПроекты _jУчебные издания для высших учебных заведений _xУправление _yРоссийская Федерация _92404387 _3RU\NLR\auth\661433016 |
|
| 610 | 0 | _aЭкономика -- Российская Федерация -- Управление -- Методы управления -- Учебник для высшей школы | |
| 686 |
_aУ9(2)210.3я73-1 _2rubbk |
||
| 686 | _aУ21(0)2я73 | ||
| 686 | _aУ21(2)2(2Р)я73 | ||
| 700 | 1 |
_4070 _8rus _7ca _aПопов _bЮ. И. _cканд. экон. наук, управление проектами _gЮрий Иванович _3RU\NLR\AUTH\7748986 _931921 |
|
| 701 | 1 |
_4070 _8rus _7ca _aЯковенко _bО. В. _3RU\NLR\AUTH\7767415 _950343 |
|
| 801 | 0 |
_aRU _bРГБ _c20060523 _grcr |
|
| 801 | 1 |
_aRU _bРГБ _c20060523 |
|
| 801 | 2 |
_aRU _bNLR _c20070202 _grcr |
|
| 942 | _cBOOK | ||
| 980 | _aNB | ||